| 000 | 01231nam a2200313 a 4500 | ||
|---|---|---|---|
| 005 | 20240807112301.0 | ||
| 008 | 100810s2006||||ag f |||| 001 0 spa d | ||
| 020 | _a9789165691 | ||
| 041 | _aspa | ||
| 092 |
_c158 _l12 _sCIA |
||
| 100 | 1 |
_aCia, Alfredo H. _94188 |
|
| 245 |
_aManual de recursos terapéuticos para el pánico y la agorafobia / _cAlfredo H. Cía |
||
| 250 | _a1a ed. | ||
| 260 |
_aBuenos Aires: _bPolemos; _c2006. |
||
| 300 |
_a256 p. _c23x15 cm. |
||
| 500 | _aCía, A. H. (2006). Manual de recursos terapéuticos para el pánico y la agorafobia. (1a ed.). Buenos Aires : Polemos. | ||
| 590 | _aSerie Paltex para Ejecutores de Programas de Salud N 2̂9. | ||
| 653 | 3 | _aLa ansiedad y sus trastornos | |
| 653 | _aInstrumentos para realizar un diagnóstico aproximado de los trastornos de ansiedad | ||
| 653 | _aInstrucciones para el cambio cognitivo | ||
| 653 | _aTécnicas de respiración y relajación | ||
| 653 | _aSuperando el temor que producen los síntomas fisiológicos del pánico | ||
| 653 | _aMejora de la autoestima | ||
| 653 | _aRecomendaciones para el tratamiento farmacológico | ||
| 653 | _aNutrición y ansiedad | ||
| 653 | _aFarmacoterapia | ||
| 930 | _a992 | ||
| 942 |
_2ddc _cBK |
||
| 999 |
_c3163 _d3163 |
||